00248nam a2200097Ia 4500008004000000041000800040082001200048100001800060245002900078260004300107210210b1920 xxu||||| |||| 00| 0 eng d aeng a822/701 aLEONARD (R M) aPageant of English prose aLondonbOxford University Pressc1920